Cultura general de Asturias - Estadísticas

Estadísticas generales
  • Esta prueba ha sido intentada 178 veces
  • La puntuación promedio es 10 de 15
Estadísticas de respuestas
Hint Respuesta % Correcto
Personaje histórico que lideró la batalla de Covadonga Don Pelayo
97%
Capital del Principado de Asturias Oviedo
95%
Equipo de fútbol con más temporadas en primera división Real Sporting
92%
Queso de fuerte sabor y cuyo nombre también corresponde a un concejo Cabrales
88%
Río más largo Nalón
82%
Siglo en el que tuvo lugar dicha batalla VIII
78%
Postre tradicional similar a la crêpre francesa (pero más rico) Frixuelo
74%
Patrona de los mineros Santa Bárbara
71%
Población donde se celebra la fiesta de El Carmín Pola de Siero
68%
Cueva considerada Patrimonio de la Humanidad en la que se pueden observar piezas de arte rupestre Tito Bustillo
61%
Número total de concejos 78
58%
Figura mitológica de pequeño tamaño y que protege los bosques Trasgu
55%
Animal mitológico que suele vivir en las cuevas Cuélebre
48%
Afluente principal de dicho río Narcea
43%
Estilo artístico altomedieval englobado dentro del prerrománico Prerrománico asturiano
17%
No se encontraron pruebas coincidentes
Distribución de puntuación
Porcentaje de gente con cada puntuación
Porcentaje por número respondido
Historial de tus puntuaciones
No has intentado esta prueba.